[Event "Titled Tuesday intern op 01st Apr Early"]
[Site "Chess.com INT"]
[Date "2025.04.01"]
[Round "2"]
[White "Pajcin, Lav"]
[Black "King Rodriguez, Os Misael"]
[Result "1-0"]
[WhiteElo "2243"]
[BlackElo "2045"]
[PlyCount "85"]
[EventDate "2025.04.01"]
[EventType "swiss (blitz)"]
[EventRounds "11"]
[EventCountry "USA"]
[SourceTitle "CB15_2025"]
[SourceDate "2025.04.09"]
[SourceVersion "1"]
[SourceVersionDate "2025.04.09"]
[SourceQuality "1"]

1. d4 d5 2. c4 e6 3. Nf3 Nf6 4. Nc3 c6 5. e3 Nbd7 6. Qc2 Be7 7. Bd3 0-0 8. 0-0 Re8 9. b3 a6 10. Bb2 dxc4 11. bxc4 c5 12. a4 cxd4 13. exd4 b6 14. a5 Bb7 15. axb6 Nxb6 16. Rad1 Bxf3 17. gxf3 Qc7 18. Ne4 Rec8 19. Rc1 Qf4 20. Qe2 Qh4 21. Kh1 Nh5 22. Rg1 Nf4 23. Qe3 Nxd3 24. Qxd3 f5 25. d5 fxe4 26. Rxg7+ Kf8 27. fxe4 Bf6 28. Bxf6 Qxf6 29. Rcg1 Qxg7 30. Rxg7 Kxg7 31. Qd4+ Kf7 32. Qxb6 exd5 33. cxd5 Rc1+ 34. Kg2 Rg8+ 35. Kf3 Rc3+ 36. Kf4 Rf8 37. Ke5 Rcc8 38. Qxa6 Rce8+ 39. Kd4 Kg8 40. Qa2 Rf4 41. d6+ Kg7 42. Qd5 Rd8 43. Qg5+ 1-0

[Event "Titled Tuesday intern op 18th Mar Late"]
[Site "Chess.com INT"]
[Date "2025.03.18"]
[Round "2"]
[White "Gokhale, Rishabh Chandrashek"]
[Black "King Rodriguez, Os Misael"]
[Result "1-0"]
[WhiteElo "2114"]
[BlackElo "2045"]
[PlyCount "71"]
[EventDate "2025.03.18"]
[EventType "swiss (blitz)"]
[EventRounds "11"]
[EventCountry "USA"]
[SourceTitle "CB13_2025"]
[SourceDate "2025.03.26"]
[SourceVersion "1"]
[SourceVersionDate "2025.03.26"]
[SourceQuality "1"]

1. b3 Nf6 2. Bb2 b6 3. Nf3 Bb7 4. e3 e6 5. Be2 d5 6. 0-0 Be7 7. c4 0-0 8. Qc2 Nbd7 9. Nc3 Nc5 10. b4 Nce4 11. a3 a5 12. d3 axb4 13. axb4 Nxc3 14. Bxc3 dxc4 15. dxc4 Ne4 16. Rxa8 Bxa8 17. Rd1 Bd6 18. Be1 Qe7 19. Bd3 f5 20. Qb2 Rf6 21. Ne5 Rh6 22. f3 Qf6 23. Qa2 Qxe5 24. Qxa8+ Kf7 25. f4 Qb2 26. Bxe4 fxe4 27. Qxe4 Rg6 28. c5 bxc5 29. bxc5 Bxc5 30. Rd7+ Be7 31. f5 Ke8 32. Rxe7+ Kxe7 33. fxg6 Qe2 34. Bb4+ Kf6 35. gxh7 Qd1+ 36. Kf2 1-0

[Event "Titled Tuesday intern op 18th Mar Late"]
[Site "Chess.com INT"]
[Date "2025.03.18"]
[Round "3"]
[White "King Rodriguez, Os Misael"]
[Black "Aung, Thant Zin"]
[Result "1-0"]
[WhiteElo "2045"]
[BlackElo "2268"]
[PlyCount "153"]
[EventDate "2025.03.18"]
[EventType "swiss (blitz)"]
[EventRounds "11"]
[EventCountry "USA"]
[SourceTitle "CB13_2025"]
[SourceDate "2025.03.26"]
[SourceVersion "1"]
[SourceVersionDate "2025.03.26"]
[SourceQuality "1"]

1. e4 c5 2. Nc3 Nc6 3. Nf3 e6 4. d3 d5 5. g3 Nf6 6. Bg2 Be7 7. 0-0 0-0 8. Ng5 h6 9. Nh3 b6 10. f4 Bb7 11. g4 dxe4 12. Nxe4 Nxe4 13. Bxe4 Na5 14. Bxb7 Nxb7 15. g5 hxg5 16. Nxg5 Bxg5 17. fxg5 g6 18. Kh1 Qd5+ 19. Rf3 Nd6 20. Kg1 Nf5 21. c3 Kg7 22. Bf4 Rh8 23. Qe2 f6 24. gxf6+ Kxf6 25. Re1 Rh5 26. Be5+ Kf7 27. c4 Qc6 28. Qe4 Rc8 29. Re2 Kg8 30. Qg4 Kh7 31. Rh3 Nh6 32. Rxh5 gxh5 33. Qxh5 Rg8+ 34. Bg3 Rg6 35. Rf2 Kg7 36. Qe5+ Kg8 37. Rf6 Rxf6 38. Qxf6 Nf7 39. h4 Qd7 40. Qg6+ Kf8 41. h5 Qd4+ 42. Bf2 Qf4 43. Qxe6 Qg5+ 44. Kf1 Qxh5 45. Qc8+ Kg7 46. Qc7 Qd1+ 47. Kg2 Qxd3 48. Qxa7 Qe4+ 49. Kg1 Qe6 50. Qc7 Kg6 51. Qg3+ Kh7 52. Qd3+ Kg7 53. Qd5 Qg4+ 54. Qg2 Qxg2+ 55. Kxg2 Ne5 56. b3 Nd3 57. Bg3 Nc1 58. Bc7 Nxa2 59. Bxb6 Nc1 60. Bxc5 Kf7 61. b4 Ke6 62. Kf3 Nd3 63. Ke4 Nb2 64. Kd4 Kd7 65. Bb6 Kc6 66. Ba5 Na4 67. b5+ Kb7 68. Bb4 Nb2 69. c5 Na4 70. Ba5 Nb2 71. c6+ Kc8 72. Kd5 Nd3 73. b6 Nf4+ 74. Kd6 Nd3 75. b7+ Kb8 76. Bc7+ Ka7 77. b8Q+ 1-0

[Event "Titled Tuesday intern op 18th Mar Late"]
[Site "Chess.com INT"]
[Date "2025.03.18"]
[Round "8"]
[White "Vinolas Anglada, Laura"]
[Black "King Rodriguez, Os Misael"]
[Result "0-1"]
[WhiteElo "2064"]
[BlackElo "2045"]
[PlyCount "50"]
[EventDate "2025.03.18"]
[EventType "swiss (blitz)"]
[EventRounds "11"]
[EventCountry "USA"]
[SourceTitle "CB13_2025"]
[SourceDate "2025.03.26"]
[SourceVersion "1"]
[SourceVersionDate "2025.03.26"]
[SourceQuality "1"]

1. e4 d5 2. exd5 Qxd5 3. Nc3 Qa5 4. d4 c6 5. Nf3 Nf6 6. Bc4 Bf5 7. Bd2 e6 8. Qe2 Qc7 9. Bb3 Nbd7 10. d5 cxd5 11. Nxd5 Nxd5 12. Bxd5 Nf6 13. Bb3 Be7 14. Ba4+ Nd7 15. Ne5 0-0-0 16. Bxd7+ Rxd7 17. Nxd7 Qxd7 18. 0-0-0 Qa4 19. b3 Qxa2 20. Bc3 Ba3+ 21. Kd2 Qxc2+ 22. Ke1 Qxc3+ 23. Kf1 Rd8 24. Rxd8+ Kxd8 25. g3 Bd3 0-1

[Event "Titled Tuesday intern op 11th Mar Early"]
[Site "Chess.com INT"]
[Date "2025.03.11"]
[Round "4"]
[White "Horobetz, Graham"]
[Black "King Rodriguez, Os Misael"]
[Result "1-0"]
[WhiteElo "2258"]
[BlackElo "2045"]
[PlyCount "99"]
[EventDate "2025.03.11"]
[EventType "swiss (blitz)"]
[EventRounds "11"]
[EventCountry "USA"]
[SourceTitle "CB12_2025"]
[SourceDate "2025.03.19"]
[SourceVersion "1"]
[SourceVersionDate "2025.03.19"]
[SourceQuality "1"]

1. e4 d5 2. exd5 Qxd5 3. Nc3 Qa5 4. d4 c6 5. Nf3 Nf6 6. Bc4 Bf5 7. 0-0 e6 8. Bd2 Qc7 9. h3 Nbd7 10. Nh4 Bg6 11. Nxg6 hxg6 12. Qf3 Bd6 13. Bb3 0-0-0 14. Rad1 Rh5 15. Ne4 Nxe4 16. Qxe4 Nf6 17. Qf3 g5 18. Rfe1 g4 19. hxg4 Rh4 20. Bg5 Rh7 21. Bxf6 gxf6 22. Qxf6 Rdh8 23. Kf1 Qa5 24. c4 Bb4 25. Re5 Qd8 26. Qxd8+ Rxd8 27. Ke2 Rg7 28. f3 c5 29. d5 exd5 30. Rdxd5 Rh8 31. a3 Ba5 32. Rxc5+ Kb8 33. Rxa5 f6 34. Rf5 Re7+ 35. Kf2 Rd8 36. Rad5 Rde8 37. Rd2 Re3 38. Bc2 R8e6 39. Be4 Rb3 40. Rb5 Rxb5 41. cxb5 Kc7 42. b4 Kb6 43. a4 a6 44. bxa6 bxa6 45. Bd3 a5 46. bxa5+ Kxa5 47. Bb5 Re5 48. Re2 Rc5 49. Kg3 f5 50. g5 1-0

[Event "Titled Tuesday intern op 11th Mar Late"]
[Site "Chess.com INT"]
[Date "2025.03.11"]
[Round "9"]
[White "King Rodriguez, Os Misael"]
[Black "Dudzinski, Pawel"]
[Result "1-0"]
[WhiteElo "2045"]
[BlackElo "2191"]
[PlyCount "115"]
[EventDate "2025.03.11"]
[EventType "swiss (blitz)"]
[EventRounds "11"]
[EventCountry "USA"]
[SourceTitle "CB12_2025"]
[SourceDate "2025.03.19"]
[SourceVersion "1"]
[SourceVersionDate "2025.03.19"]
[SourceQuality "1"]

1. b3 e5 2. Bb2 Nc6 3. Nf3 d6 4. e3 Nf6 5. Bb5 Be7 6. d4 exd4 7. Nxd4 Bd7 8. Nxc6 Bxc6 9. Bxc6+ bxc6 10. Qf3 d5 11. Nd2 Qd7 12. 0-0 0-0 13. c4 Qg4 14. Rfd1 Rfd8 15. Rac1 Qxf3 16. Nxf3 dxc4 17. bxc4 Ne4 18. Nd4 Bf6 19. f3 Bxd4 20. Bxd4 Nd6 21. Be5 f6 22. Bg3 Kf7 23. e4 Ke6 24. Rd4 Ne8 25. Rxd8 Rxd8 26. Rc2 Rd1+ 27. Kf2 Nd6 28. Ke2 Rg1 29. Kf2 Rb1 30. Ke2 Rb4 31. Kd3 Ra4 32. Bf2 Ra3+ 33. Kd2 Ra4 34. Kd3 Ra3+ 35. Kd2 a6 36. Bc5 Ra4 37. Kd3 Ra5 38. Bb4 Ra4 39. a3 a5 40. Bc5 Nb7 41. Be3 Nd6 42. Bc5 Nb7 43. Bf8 g6 44. Kc3 Kf7 45. Kb3 Kxf8 46. Kxa4 Ke7 47. Rb2 Nc5+ 48. Kxa5 Kd6 49. Rd2+ Ke6 50. Kb4 Nd7 51. a4 c5+ 52. Kb5 Ne5 53. a5 c6+ 54. Kb6 Nxc4+ 55. Kxc5 Nxd2 56. a6 Nb3+ 57. Kxc6 Nd4+ 58. Kb6 1-0

[Event "Titled Tuesday intern op 11th Mar Early"]
[Site "Chess.com INT"]
[Date "2025.03.11"]
[Round "2"]
[White "King Rodriguez, Os Misael"]
[Black "Mekhitarian, Krikor Sevag"]
[Result "0-1"]
[WhiteElo "2045"]
[BlackElo "2564"]
[PlyCount "72"]
[EventDate "2025.03.11"]
[EventType "swiss (blitz)"]
[EventRounds "11"]
[EventCountry "USA"]
[SourceTitle "CB12_2025"]
[SourceDate "2025.03.19"]
[SourceVersion "1"]
[SourceVersionDate "2025.03.19"]
[SourceQuality "1"]

1. c4 b6 2. b3 Bb7 3. Nf3 Nf6 4. e3 c5 5. Bb2 g6 6. Be2 Bg7 7. 0-0 0-0 8. d4 cxd4 9. Nxd4 Na6 10. Nd2 Nc5 11. b4 Nce4 12. Bf3 Qc8 13. Rc1 d6 14. Qc2 Nxd2 15. Qxd2 Bxf3 16. Nxf3 Qb7 17. Qe2 Rac8 18. Rc2 Rc7 19. Rfc1 Rfc8 20. Nd4 a6 21. a4 Nd7 22. h4 Ne5 23. h5 Qe4 24. hxg6 hxg6 25. Ba3 Qd3 26. Qxd3 Nxd3 27. Rd1 Ne5 28. c5 dxc5 29. bxc5 bxc5 30. Nb3 c4 31. Nd4 Nd3 32. Bxe7 Bxd4 33. exd4 Rxe7 34. Rxd3 Re1+ 35. Kh2 cxd3 36. Rxc8+ Kg7 0-1

[Event "Titled Tuesday intern op 11th Mar Early"]
[Site "Chess.com INT"]
[Date "2025.03.11"]
[Round "6"]
[White "Saya, Ethan"]
[Black "King Rodriguez, Os Misael"]
[Result "1-0"]
[WhiteElo "2226"]
[BlackElo "2045"]
[PlyCount "95"]
[EventDate "2025.03.11"]
[EventType "swiss (blitz)"]
[EventRounds "11"]
[EventCountry "USA"]
[SourceTitle "CB12_2025"]
[SourceDate "2025.03.19"]
[SourceVersion "1"]
[SourceVersionDate "2025.03.19"]
[SourceQuality "1"]

1. e4 d5 2. exd5 Qxd5 3. Nc3 Qa5 4. d4 c6 5. Nf3 Nf6 6. Bc4 Bf5 7. Bd2 Qc7 8. Qe2 e6 9. d5 cxd5 10. Nxd5 Nxd5 11. Bxd5 Be7 12. Be4 Bxe4 13. Qxe4 Nc6 14. 0-0 0-0 15. Ng5 Bxg5 16. Bxg5 h6 17. Bh4 Rac8 18. c3 Qb6 19. Qe2 Rfe8 20. Rfd1 f6 21. Rd6 e5 22. Rad1 Rcd8 23. Qg4 Rxd6 24. Rxd6 Qxb2 25. Bxf6 g5 26. h4 Qc1+ 27. Rd1 Qf4 28. Qd7 Qxf6 29. Qxe8+ Qf8 30. Qxf8+ Kxf8 31. hxg5 hxg5 32. Rd7 b6 33. Rc7 Ne7 34. Rxa7 Ke8 35. Rxe7+ Kxe7 36. Kh2 Kd6 37. Kg3 Kc5 38. Kg4 Kc4 39. Kxg5 Kxc3 40. g4 Kb2 41. Kf6 Kxa2 42. g5 b5 43. g6 b4 44. g7 b3 45. g8Q Ka1 46. Qxb3 e4 47. Qb7 e3 48. fxe3 1-0

[Event "Titled Tuesday intern op 24th Sep Early"]
[Site "Chess.com INT"]
[Date "2024.09.24"]
[Round "5"]
[White "Gasparyan, Davit"]
[Black "King Rodriguez, Os Misael"]
[Result "0-1"]
[WhiteElo "2234"]
[BlackElo "2005"]
[PlyCount "160"]
[EventDate "2024.09.24"]
[EventType "swiss (blitz)"]
[EventRounds "11"]
[EventCountry "USA"]
[SourceTitle "EXT 2025"]
[Source "ChessBase"]
[SourceDate "2024.10.14"]
[SourceVersion "1"]
[SourceVersionDate "2024.10.14"]
[SourceQuality "1"]

1. e4 d5 2. exd5 Qxd5 3. Qf3 Nf6 4. Nc3 Qxf3 5. Nxf3 Nc6 6. Nb5 Kd8 7. Ng5 Be6 8. Nxe6+ fxe6 9. c3 a6 10. Na3 g6 11. d4 e5 12. dxe5 Nxe5 13. Bf4 Nc6 14. 0-0-0+ Ke8 15. Bxc7 Bg7 16. Bc4 Rc8 17. Bg3 Ne4 18. Be6 Ra8 19. Nc4 a5 20. Nb6 Ra6 21. Nd5 Ra7 22. Rhe1 Nxg3 23. fxg3 b5 24. Nb6 Ne5 25. Rd5 Nc4 26. Rxb5 Nd6 27. Rd5 Rf8 28. Bg4 Rf6 29. c4 Rc7 30. c5 Nb7 31. Nd7 Rfc6 32. Kb1 Nxc5 33. Ne5 Rb6 34. Nc4 Rb8 35. Nd6+ Kf8 36. Rf1+ Bf6 37. Nc4 Nd3 38. Rxd3 Rxc4 39. Bf3 Rcb4 40. b3 a4 41. Bd5 axb3 42. Bxb3 Re4 43. h3 Re2 44. Rdf3 Rxg2 45. R1f2 Rg1+ 46. Kc2 Rh1 47. h4 Kg7 48. Kd3 Rc8 49. Ke4 Rd8 50. Re3 Bd4 51. Rd3 Bxf2 52. Rxd8 Bxg3 53. Rd6 exd6 54. h5 Re1+ 55. Kf3 gxh5 56. Kxg3 Re3+ 57. Kh4 Kh6 58. Bf7 Re2 59. a3 Rh2+ 60. Kg3 Rd2 61. a4 Rd4 62. Be8 h4+ 63. Kf3 Kg5 64. a5 Rb4 65. a6 Rb3+ 66. Kg2 Ra3 67. Bb5 d5 68. Be2 d4 69. Bc4 d3 70. a7 Rxa7 71. Bxd3 Re7 72. Be2 Rxe2+ 73. Kh3 Re3+ 74. Kg2 Kg4 75. Kf2 Rg3 76. Kf1 h3 77. Kf2 h2 78. Ke1 h1Q+ 79. Ke2 Qh2+ 80. Kf1 Rg1# 0-1

[Event "Titled Tuesday intern op 24th Sep Early"]
[Site "Chess.com INT"]
[Date "2024.09.24"]
[Round "8"]
[White "Makaraci, Tunahan"]
[Black "King Rodriguez, Os Misael"]
[Result "0-1"]
[WhiteElo "2233"]
[BlackElo "2005"]
[PlyCount "44"]
[EventDate "2024.09.24"]
[EventType "swiss (blitz)"]
[EventRounds "11"]
[EventCountry "USA"]
[SourceTitle "EXT 2025"]
[Source "ChessBase"]
[SourceDate "2024.10.14"]
[SourceVersion "1"]
[SourceVersionDate "2024.10.14"]
[SourceQuality "1"]

1. e4 d5 2. exd5 Qxd5 3. d4 e5 4. Nf3 Nc6 5. Nc3 Bb4 6. Bd2 Bxc3 7. Bxc3 Bg4 8. dxe5 0-0-0 9. Qxd5 Rxd5 10. Be2 Nge7 11. 0-0 Re8 12. h3 Bxf3 13. Bxf3 Rc5 14. Bg4+ Kb8 15. Rfe1 Ng6 16. Rad1 b5 17. a3 Ncxe5 18. Bd4 Rd5 19. Bf3 Nxf3+ 20. gxf3 Rxe1+ 21. Rxe1 Rxd4 22. Re8+ Kb7 0-1

[Event "Titled Tuesday intern op 27th Aug Late"]
[Site "Chess.com INT"]
[Date "2024.08.27"]
[Round "9"]
[White "Boor, Carl Brandon"]
[Black "King Rodriguez, Os Misael"]
[Result "0-1"]
[WhiteElo "2231"]
[BlackElo "2005"]
[PlyCount "78"]
[EventDate "2024.08.27"]
[EventType "swiss (blitz)"]
[EventRounds "11"]
[EventCountry "USA"]
[SourceTitle "EXT 2025"]
[Source "ChessBase"]
[SourceDate "2024.10.14"]
[SourceVersion "1"]
[SourceVersionDate "2024.10.14"]
[SourceQuality "1"]

1. d4 Nf6 2. c4 g6 3. f3 Bg7 4. e4 d6 5. Nc3 0-0 6. Bg5 c5 7. d5 e6 8. Qd2 Qa5 9. Nge2 exd5 10. exd5 Re8 11. Kf2 Nbd7 12. Nb5 Qb6 13. Nec3 Ne5 14. Be2 a6 15. Na4 Qd8 16. Nbc3 h6 17. Bxh6 Nfg4+ 18. fxg4 Qh4+ 19. g3 Qxh6 20. Qxh6 Bxh6 21. Nb6 Rb8 22. Nxc8 Rbxc8 23. Ne4 Red8 24. g5 Bg7 25. a4 Rc7 26. Ra3 Re7 27. Nf6+ Kf8 28. h4 Nd7 29. Rf3 Re5 30. g4 Bxf6 31. gxf6 Rde8 32. Bd3 Kg8 33. b3 b6 34. Ra1 a5 35. Rh1 Nf8 36. Kg3 Re3 37. Rhf1 Nh7 38. Rxe3 Rxe3+ 39. Rf3 Re1 0-1

[Event "Titled Tuesday intern op 27th Aug Early"]
[Site "Chess.com INT"]
[Date "2024.08.27"]
[Round "2"]
[White "King Rodriguez, Os Misael"]
[Black "Kubicka, Anna"]
[Result "0-1"]
[WhiteElo "2005"]
[BlackElo "2292"]
[PlyCount "70"]
[EventDate "2024.08.27"]
[EventType "swiss (blitz)"]
[EventRounds "11"]
[EventCountry "USA"]
[SourceTitle "EXT 2025"]
[Source "ChessBase"]
[SourceDate "2024.10.14"]
[SourceVersion "1"]
[SourceVersionDate "2024.10.14"]
[SourceQuality "1"]

1. b3 e5 2. Bb2 d6 3. e3 Nf6 4. g3 Be7 5. Bg2 0-0 6. Ne2 Be6 7. 0-0 Qd7 8. Re1 Bh3 9. Bh1 Nc6 10. d4 Rad8 11. c4 Ng4 12. Nd2 Qf5 13. Bf3 Bg5 14. Bxg4 Bxg4 15. Qb1 Qf6 16. Ne4 Qh6 17. Nxg5 Qxg5 18. Qe4 Qh5 19. Qd3 Bf3 20. h4 Qg4 21. Kh2 Be4 22. Qd1 Qf3 23. Rg1 Qxf2+ 24. Kh3 Bf5+ 25. g4 Qf3+ 26. Rg3 Bxg4+ 27. Kh2 Qf2+ 28. Rg2 Qxh4+ 29. Kg1 exd4 30. exd4 Rde8 31. d5 Ne5 32. Bxe5 Rxe5 33. Qd2 Bxe2 34. Rxe2 Rxe2 35. Qxe2 Qd4+ 0-1

[Event "Titled Tuesday intern op 27th Aug Late"]
[Site "Chess.com INT"]
[Date "2024.08.27"]
[Round "8"]
[White "King Rodriguez, Os Misael"]
[Black "Meunier Pion, Jean"]
[Result "0-1"]
[WhiteElo "2005"]
[BlackElo "2198"]
[PlyCount "50"]
[EventDate "2024.08.27"]
[EventType "swiss (blitz)"]
[EventRounds "11"]
[EventCountry "USA"]
[SourceTitle "EXT 2025"]
[Source "ChessBase"]
[SourceDate "2024.10.14"]
[SourceVersion "1"]
[SourceVersionDate "2024.10.14"]
[SourceQuality "1"]

1. b3 e5 2. Bb2 Nc6 3. e3 Nf6 4. g3 d5 5. Bg2 Bg4 6. Ne2 Qd7 7. h4 0-0-0 8. d3 Bb4+ 9. c3 Ba5 10. Nd2 e4 11. d4 Kb8 12. 0-0 h5 13. c4 Bxd2 14. Qxd2 g5 15. Nc3 gxh4 16. cxd5 Bf3 17. dxc6 Qg4 18. Bxf3 exf3 19. Kh2 hxg3+ 20. fxg3 h4 21. Kg1 hxg3 22. Rxf3 Qxf3 23. Qg2 Qxe3+ 24. Kf1 Rh1+ 25. Qxh1 Qf2# 0-1

[Event "Titled Tuesday intern op 27th Aug Early"]
[Site "Chess.com INT"]
[Date "2024.08.27"]
[Round "3"]
[White "Zampronha, Wladimir Camilo"]
[Black "King Rodriguez, Os Misael"]
[Result "1-0"]
[WhiteElo "2119"]
[BlackElo "2005"]
[PlyCount "95"]
[EventDate "2024.08.27"]
[EventType "swiss (blitz)"]
[EventRounds "11"]
[EventCountry "USA"]
[SourceTitle "EXT 2025"]
[Source "ChessBase"]
[SourceDate "2024.10.14"]
[SourceVersion "1"]
[SourceVersionDate "2024.10.14"]
[SourceQuality "1"]

1. e4 e5 2. Nf3 Nc6 3. d4 exd4 4. Nxd4 d6 5. Nc3 Nf6 6. Bf4 g6 7. Qd2 Bg7 8. 0-0-0 Nxd4 9. Qxd4 Nh5 10. Qd2 Nxf4 11. Qxf4 Bxc3 12. bxc3 Qe7 13. h4 h5 14. Qe3 a6 15. f4 Be6 16. Kb1 0-0 17. Bd3 Rfe8 18. f5 Bxf5 19. Qh6 Bg4 20. Rdf1 Qe5 21. Kb2 Be6 22. Rf4 Qa5 23. c4 Qb4+ 24. Kc1 Bxc4 25. Bxc4 Qxc4 26. Rhf1 Re7 27. g4 hxg4 28. h5 Qe6 29. hxg6 Qxg6 30. Qh4 Rxe4 31. Rh1 Kf8 32. Rf6 Qg7 33. Rhf1 Re7 34. Qf2 Ke8 35. Qg2 g3 36. Qxb7 Rd8 37. R6f3 g2 38. Rg1 Re1+ 39. Rxe1+ Kf8 40. Rg1 Re8 41. Qxc7 Qa1+ 42. Kd2 Qd4+ 43. Rd3 Qxg1 44. Qxd6+ Kg8 45. Rg3+ Kh7 46. Qd3+ Kh8 47. Qc3+ Kh7 48. Qg7# 1-0

[Event "Titled Tuesday intern op 23rd Jul Early"]
[Site "Chess.com INT"]
[Date "2024.07.23"]
[Round "5"]
[White "Keleberda, Timur"]
[Black "King Rodriguez, Os Misael"]
[Result "1-0"]
[WhiteElo "2222"]
[BlackElo "2005"]
[PlyCount "67"]
[EventDate "2024.07.23"]
[EventType "swiss (blitz)"]
[EventRounds "11"]
[EventCountry "USA"]
[SourceTitle "EXT 2025"]
[Source "ChessBase"]
[SourceDate "2024.10.14"]
[SourceVersion "1"]
[SourceVersionDate "2024.10.14"]
[SourceQuality "1"]

1. b3 c5 2. Bb2 Nc6 3. c4 d6 4. Nf3 e5 5. Nc3 g6 6. Nd5 Nf6 7. Nxf6+ Qxf6 8. e3 Bg7 9. Be2 0-0 10. Rc1 a5 11. Ba1 Bg4 12. h3 Bxf3 13. Bxf3 Qe7 14. Bxc6 bxc6 15. 0-0 f5 16. d4 cxd4 17. exd4 e4 18. Re1 Qg5 19. Rc3 Rae8 20. Rg3 Qh6 21. d5 f4 22. Rg4 Bxa1 23. Qxa1 cxd5 24. Qd4 dxc4 25. Qxc4+ Kh8 26. Rxe4 Rxe4 27. Qxe4 f3 28. gxf3 Qxh3 29. Rf4 Rc8 30. Qd4+ Kg8 31. Qd5+ Kg7 32. Rf7+ Kh6 33. Qd2+ Kh5 34. Rxh7# 1-0

[Event "Titled Tuesday intern op 23rd Jul Late"]
[Site "Chess.com INT"]
[Date "2024.07.23"]
[Round "1"]
[White "King Rodriguez, Os Misael"]
[Black "Antoniou, Rafail"]
[Result "0-1"]
[WhiteElo "2005"]
[BlackElo "2027"]
[PlyCount "160"]
[EventDate "2024.07.23"]
[EventType "swiss (blitz)"]
[EventRounds "11"]
[EventCountry "USA"]
[SourceTitle "EXT 2025"]
[Source "ChessBase"]
[SourceDate "2024.10.14"]
[SourceVersion "1"]
[SourceVersionDate "2024.10.14"]
[SourceQuality "1"]

1. b3 a6 2. Bb2 h6 3. g3 d5 4. Bg2 e6 5. e3 Nf6 6. Nf3 Be7 7. 0-0 0-0 8. c4 b6 9. d3 Bb7 10. Nbd2 c5 11. Qe2 Nc6 12. cxd5 exd5 13. Ne1 Re8 14. Rc1 Qd7 15. Qf3 Rad8 16. Nc2 a5 17. d4 Ba6 18. Rfd1 Bd3 19. dxc5 bxc5 20. Qf4 Bxc2 21. Rxc2 Nb4 22. Rcc1 Nxa2 23. Ra1 Nb4 24. Bxf6 Bxf6 25. Rxa5 Ra8 26. Rxa8 Rxa8 27. Ne4 Be7 28. Nc3 Bd6 29. Qf3 Ra3 30. Nxd5 Rxb3 31. Nf4 Qe7 32. Qa8+ Kh7 33. Qa4 Rb2 34. Qa3 Qf6 35. Be4+ g6 36. Rxd6 Rb1+ 37. Bxb1 Qxd6 38. Qc1 Qe5 39. Qc4 Kg7 40. Ba2 Qa1+ 41. Kg2 Qxa2 42. Qc3+ Kh7 43. Qxc5 Qa8+ 44. Kh3 Qb7 45. Qc4 Qd7+ 46. Kg2 Nc6 47. Nd5 Ne5 48. Nf6+ Kg7 49. Nxd7 Nxc4 50. Kf3 Nd2+ 51. Ke2 Ne4 52. h4 Nc3+ 53. Kd3 Nd5 54. Kd4 Ne7 55. e4 Nc6+ 56. Kd5 Nb4+ 57. Kc4 Nc2 58. f4 Ne3+ 59. Kd3 Nf1 60. g4 Nh2 61. g5 Nf3 62. gxh6+ Kxh6 63. Ne5 Nxe5+ 64. fxe5 Kh5 65. Ke3 Kxh4 66. Kf4 g5+ 67. Kf5 g4 68. Kf6 g3 69. Kxf7 g2 70. e6 g1Q 71. e7 Qf1+ 72. Ke6 Qc4+ 73. Kd7 Qb5+ 74. Kd8 Qd3+ 75. Kc7 Qxe4 76. Kd7 Qd5+ 77. Kc8 Qe6+ 78. Kd8 Qd6+ 79. Ke8 Kg5 80. Kf7 Qf6+ 0-1

[Event "Titled Tuesday intern op 23rd Jul Early"]
[Site "Chess.com INT"]
[Date "2024.07.23"]
[Round "1"]
[White "King Rodriguez, Os Misael"]
[Black "Novikov, Evgenij"]
[Result "0-1"]
[WhiteElo "2005"]
[BlackElo "2276"]
[PlyCount "54"]
[EventDate "2024.07.23"]
[EventType "swiss (blitz)"]
[EventRounds "11"]
[EventCountry "USA"]
[SourceTitle "EXT 2025"]
[Source "ChessBase"]
[SourceDate "2024.10.14"]
[SourceVersion "1"]
[SourceVersionDate "2024.10.14"]
[SourceQuality "1"]

1. b3 d6 2. Bb2 Nf6 3. e3 g6 4. Nf3 Bg7 5. g3 0-0 6. Bg2 c6 7. 0-0 a5 8. a4 Qc7 9. d4 Nbd7 10. Nbd2 Rd8 11. Qe2 b6 12. c4 Ba6 13. Rfc1 Rab8 14. e4 e5 15. dxe5 dxe5 16. Rc2 Re8 17. Qe3 Rbd8 18. Rd1 Nc5 19. h3 Ncxe4 20. Nxe5 Rxe5 21. Bxe5 Qxe5 22. Qxb6 Qd4 23. Qxd4 Rxd4 24. f3 Nxg3 25. Kf2 Nf5 26. Rcc1 Bh6 27. Rb1 Bxd2 0-1

[Event "Titled Tuesday intern op 23rd Jul Early"]
[Site "Chess.com INT"]
[Date "2024.07.23"]
[Round "4"]
[White "King Rodriguez, Os Misael"]
[Black "Rodchenkov, Sergey D"]
[Result "0-1"]
[WhiteElo "2005"]
[BlackElo "2346"]
[PlyCount "82"]
[EventDate "2024.07.23"]
[EventType "swiss (blitz)"]
[EventRounds "11"]
[EventCountry "USA"]
[SourceTitle "EXT 2025"]
[Source "ChessBase"]
[SourceDate "2024.10.14"]
[SourceVersion "1"]
[SourceVersionDate "2024.10.14"]
[SourceQuality "1"]

1. b3 d5 2. Bb2 Nf6 3. e3 c6 4. Nf3 h6 5. g3 Bf5 6. Bg2 Nbd7 7. 0-0 e6 8. d3 Be7 9. c4 0-0 10. Nc3 a5 11. a3 Bh7 12. Qe2 dxc4 13. dxc4 Nc5 14. Rfd1 Qb6 15. Na4 Qxb3 16. Nxc5 Bxc5 17. Bxf6 gxf6 18. Nd4 Qb6 19. Qh5 Bxd4 20. Rxd4 Kg7 21. Rg4+ Bg6 22. Bf1 f5 23. Rxg6+ fxg6 24. Qh4 Qd8 25. Qf4 Qf6 26. Rb1 Rf7 27. c5 e5 28. Qa4 f4 29. exf4 exf4 30. g4 Rd8 31. Qxa5 Rfd7 32. h3 f3 33. Qe1 h5 34. Qe3 hxg4 35. hxg4 Rd4 36. Bh3 Rd1+ 37. Rxd1 Rxd1+ 38. Kh2 Rd4 39. Kg3 Rd5 40. Qxf3 Qxf3+ 41. Kxf3 Rxc5 0-1

[Event "Titled Tuesday intern op 16th Jul Late"]
[Site "Chess.com INT"]
[Date "2024.07.16"]
[Round "6"]
[White "King Rodriguez, Os Misael"]
[Black "Jegorovas, Aleksandras"]
[Result "0-1"]
[WhiteElo "2005"]
[BlackElo "2270"]
[PlyCount "50"]
[EventDate "2024.07.16"]
[EventType "swiss (blitz)"]
[EventRounds "11"]
[EventCountry "USA"]
[SourceTitle "EXT 2025"]
[Source "ChessBase"]
[SourceDate "2024.10.14"]
[SourceVersion "1"]
[SourceVersionDate "2024.10.14"]
[SourceQuality "1"]

1. b3 e5 2. Bb2 Nc6 3. e3 d5 4. Bb5 Bd6 5. Nf3 f6 6. Bxc6+ bxc6 7. d3 Ne7 8. h3 0-0 9. 0-0 Ng6 10. Nbd2 f5 11. e4 Nf4 12. Nxe5 Qg5 13. Qf3 fxe4 14. h4 exf3 15. hxg5 fxg2 16. Rfe1 Nh3+ 17. Kxg2 Rxf2+ 18. Kh1 Rxd2 19. Re3 Rxc2 20. Bd4 c5 21. Nc6 cxd4 22. Re8+ Kf7 23. Rae1 Bg4 24. R8e7+ Bxe7 25. Rxe7+ Kf8 0-1